| 000 | 00395nam a2200133Ia 4500 | ||
|---|---|---|---|
| 008 | 170419s9999 xx 000 0 und d | ||
| 100 | _aSedlak, Carol A. | ||
| 245 | _aHealth care services for transgender individuals: position statement | ||
| 245 | _cCarol A. Sedlak, Carol J. Boyd. | ||
| 260 | _bElsevier | ||
| 260 | _c2016 | ||
| 300 | _aSeptember/November | ||
| 440 |
_aNursing Outlook _v64:5 |
||
| 999 |
_c329484 _d329484 |
||